书目信息 |
| 题名: |
唐山师范学院学生手册
|
|
| 作者: | 本院 编 | |
| 分册: | ||
| 出版信息: | 2000 |
|
| 页数: | 107页 | |
| 开本: | 20cm | |
| 丛书名: | ||
| 单 册: | ||
| 中图分类: | G455 | |
| 科图分类: | ||
| 主题词: | 教师 , 学生 | |
| 电子资源: | ||
| ISBN: | ||
| 000 | 00474nam0 2200181 450 | |
| 001 | 0638100999 | |
| 005 | 20060929163748.37 | |
| 100 | @a20060928d2000 km y0chiy0120 ea | |
| 101 | 0 | @achi |
| 200 | 1 | @a唐山师范学院学生手册@Atang shan shi fan xue yuan xue sheng shou ce@f本院编@Fben yuan bian |
| 210 | @d2000 | |
| 215 | @a107页@d20cm | |
| 606 | 0 | @a教师 |
| 606 | 0 | @a学生 |
| 690 | @aG455@v3 | |
| 701 | 0 | @a本院@Aben yuan@4编 |
| 801 | 0 | @aCN@bPFT@c20060929 |
| 905 | @a10447@dG455@e30 | |
| 唐山师范学院学生手册/本院编.-2000 |
| 107页;20cm |
| ISBN : |
| ● |
| 相关链接 |
|
|
|
|
正题名:唐山师范学院学生手册
索取号:G455/30
 
预约/预借
| 序号 | 登录号 | 条形码 | 馆藏地/架位号 | 状态 | 备注 |
| 1 | 0493887 | 204938871 | 密集书库/ [索取号:G455/30] | 在馆 | |
| 2 | 0493888 | 204938880 | 密集书库/ [索取号:G455/30] | 在馆 | |
| 3 | 0493889 | 204938899 | 密集书库/ [索取号:G455/30] | 在馆 | |
| 4 | 0493890 | 204938906 | 密集书库/ [索取号:G455/30] | 在馆 | |
| 5 | 0493891 | 204938915 | 密集书库/ [索取号:G455/30] | 在馆 |